La cultura del libro / coordinador de la obra Fernando Lázaro Carreter

में बचाया:
ग्रंथसूची विवरण
अन्य लेखक: I. Lázaro Carreter, Fernando, 1923- ., coord. (autor) (autor)
स्वरूप: पुस्तक
श्रृंखला:Biblioteca del libro
विषय:
टैग: टैग जोड़ें
कोई टैग नहीं, इस रिकॉर्ड को टैग करने वाले पहले व्यक्ति बनें!

MARC

LEADER 00000nam^a2200000^u^4500
001 000552108
005 20250521000000.0
008 060220s1000^^^^^^^^^^^^r^^^^^000^0^spa^d
009 20260310131609.272
022 |a 8436802381 
035 |a FMI 000021896 
037 |a Acervo Xavier Clavigero 
096 |a 9.1/74/C 
245 0 3 |a La cultura del libro / coordinador de la obra Fernando Lázaro Carreter 
264 |a Madrid : Fundación Germán Sánchez Ruipérez ; Pirámide, 1983 
300 |a 374 p. 
336 |a texto  |b txt  |2 rdacontenido 
337 |a sin mediación  |b n  |2 rdamedio 
338 |a volumen  |b nc  |2 rdasoporte 
440 0 |a Biblioteca del libro 
649 |a XX 
650 |a Libros y lectura -- España. \ 2. Literatura. 
700 |a I. Lázaro Carreter, Fernando, 1923- ., coord.  |e (autor) 
910 |a Fondo Francisco Migoya Covarrubias S.J. 
920 |a Impresos - Libros 
930 |a Fondos Especiales 
905 |a 134 
901 |a SBC12307  |b IT2  |c ESP  |u 20250521 
902 |a https://opac.biblio.iteso.mx/vufind/Record/000552108